000 00948nam a2200265 i 4500
001 128262
003 ES-MaACL
005 20230906193221.0
007 t|
008 070627s1985 be ||||1| fre d
080 _a913(493.21 B.)(036)
080 _a7(493.21 B.)(036)
245 0 0 _aGuide de Bruxelles XIXe et art nouveau /
_csous la direction de Pierre Loze ; avec la collaboration de Dominique Vautier et Marina Festre ; et la contribution de Didier Collard ... [et. al.].
260 _a[Bruselas] :
_bAtelier Vokaer,
_c[1985]
300 _a314 p. :
_bil. ;
_c25 cm.
500 _aBiblioteca Jacinto Martínez Lacalle.
504 _aBibliografía: 301-314.
651 4 _aBruselas-
_vGuías turísticas.
_97897
700 1 _aLoze, Pierre.
_974477
700 1 _aVautier, Dominique.
_9219170
700 1 _aFestre, Marina.
_950627
700 1 _aCollard, Didier.
_939675
852 _aES-MaACL
_jE-11701
_bR.139897
999 _c128262
_d128262